piggy chapters - Statystyki

Ogólne statystyki
  • Ten quiz został rozwiązany 44 razy
  • Średni wynik to 14 z 22
Statystyki odpowiedzi
chapter book name of chapter extra skins % Poprawnych
3 1 gallery 0
93%
1 1 house gold piggy
93%
4 1 forest mr. stitchy
90%
12 1 plant mr. P
86%
6 1 hospital 0
83%
7 1 metro 0
83%
2 1 station 0
83%
10 1 mall poley
79%
11 1 outpost 0
72%
5 1 school 0
72%
9 1 city 0
69%
9 2 docks crawling trap
52%
12 2 lab TIO
48%
7 2 port la vita oscura
48%
4 2 safeplace bess
48%
2 2 store owell,bess
48%
10 2 temple phenna
48%
11 2 camp laura
41%
8 2 ship 0
41%
6 2 factory bess
38%
3 2 refinery primrose,bess
38%
5 2 serwers bess
10%
Nie znaleziono quizów pasujących do podanych kryteriów
Rozkład punktacji
Procent ludzi z każdym wynikiem
Percentyl według liczby udzielonych odpowiedzi
Twoja historia wyników
Nie rozwiązałeś tego quizu